<The> Bank of America journal of applied corporate finance

Gespeichert in:
Bibliographische Detailangaben
Format: Schriftenreihe
Sprache:Englisch
Veröffentlicht: New York Stern Stewart Management Services 1997
Schlagworte:
Tags: Tag hinzufügen
Keine Tags, Fügen Sie das erste Tag hinzu!

MARC

LEADER 00000nas2a2200000 4500
001 s121789
005 20221221065622.2
022 |a 1078-1196 
041 0 |a eng 
044 |a US 
245 1 0 |a <The> Bank of America journal of applied corporate finance 
264 1 |a New York  |b Stern Stewart Management Services  |c 1997 
300 |a 1 zv. 
773 0 |w eu_un_cat*s120114 
610 2 0 |a financie podnikové 
610 2 0 |a trh finančný